000 00386nam a22001337a 4500
008 160308b xxu||||| |||| 00| 0 eng d
050 _aBX839.A4 P293
100 _aPastoral Centre
_923487
245 _aThe Africa Synod
_bZimbabwe prepares
260 _aHarare
_bPastoral Centre
_c1991
300 _a63p. ;
_c21cm.
650 _aSynod of bishops
_zAfrica
_922809
942 _2lcc
_cMONOGRAPH
999 _c124331
_d124331